2022 MLB Guess The Player 4 - Statistics

General Stats
  • This quiz has been taken 198 times
  • The average score is 8 of 15
Answer Stats
Hint Player % Correct
Brewers player who once appeared on Magnum P.I. and looks a lot like Pete Davidson Christian Yelich
83%
Despite only making 15 starts in 2021, this Mets ace finished 9th in Cy Young voting Jacob deGrom
83%
Long time Cardinals pitcher who is notable for his strong relationship with catcher Yadier Molina Adam Wainwright
80%
Braves outfielder who comes from a big baseball family, as his father, uncle, and several cousins have played in the MLB or MiLB Ronald Acuna Jr.
78%
This Dodgers player shares a name with a Braves pitcher as well as an actor who’s appeared in films such as MIB and Aladdin Will Smith
75%
Twins OF who is one of 3 active MLB players from Germany Max Kepler
68%
Won the 2018 NL MVP award Cody Bellinger
59%
Athletics Infielder who shares a name with the “King of Rock and Roll” Elvis Andrus
57%
Won AP Athlete of the Year in 2021 Shohei Ohtani
50%
In 2021 became the first player to hit a HR in the first plate appearance of the World Series Jorge Soler
49%
This D-Backs player is married to Vladimir Guerrero Jr’s cousin Ketel Marte
48%
This Brewers outfielder has the same name as an NFL WR (however they are spelled differently) Hunter Renfroe
43%
Won the 2015 AL ROTY award Carlos Correa
25%
Led MLB in Saves in 2021 with 39, the second time he has led the league in saves in his career Mark Melancon
18%
Guardians pitcher who is the son of a 14 Year MLB Veteran Cal Quantrill
16%
No matching quizzes found
Score Distribution
Percent of People with Each Score
Percentile by Number Answered
Your Score History
You have not taken this quiz